000 00703nam a2200169 i 4500
001 147229
003 ES-MaACL
007 t|
008 070925s1949 mx ||||1| spa d
100 1 _aTurner, C. E.
_9111722
245 1 0 _aHigiene del individuo y de la comunidad /
_cpor C.E. Turner ; traducción de la séptima edición por Angel de la Garza Brito.
260 _aMéxico :
_bLa prensa Médica Mexicana,
_c1959.
300 _aXIV, 585 p. :
_bil. ;
_c23 cm.
505 8 _aContiene: Tres apéndice sobre: El control de las enfermedades transmisibles. Desinfectantes. Nuevos insecticidas, repelentes y raticidas
700 1 _aGarza Brito, Angel de la.
_955811
852 _aES-MaACL
_jE-1641
_bR.28569
999 _c147229
_d147229